| 000 -LEADER |
| fixed length control field |
00885pam a2200217 a 4500 |
| 001 - CONTROL NUMBER |
| control field |
1525319 |
| 005 - DATE AND TIME OF LATEST TRANSACTION |
| control field |
20180301070042.0 |
| 008 - FIXED-LENGTH DATA ELEMENTS--GENERAL INFORMATION |
| fixed length control field |
901206s1991 nyua 001 0 eng |
| 010 ## - LIBRARY OF CONGRESS CONTROL NUMBER |
| LC control number |
90026334 |
| 020 ## - INTERNATIONAL STANDARD BOOK NUMBER |
| International Standard Book Number |
0393030075 : |
| Terms of availability |
$20.95 USA ($27.99 CAN.) |
| 040 ## - CATALOGING SOURCE |
| Original cataloging agency |
DLC |
| Transcribing agency |
DLC |
| Modifying agency |
DLC |
| 041 ## - LANGUAGE CODE |
| Language code of text/sound track or separate title |
eng |
| 080 ## - UNIVERSAL DECIMAL CLASSIFICATION NUMBER |
| Universal Decimal Classification number |
363.7 BRO |
| 082 00 - DEWEY DECIMAL CLASSIFICATION NUMBER |
| Classification number |
363.7 BRO |
| Edition number |
20 |
| 100 ## - Rafti |
| Rafti |
9 |
| 101 ## - Shkurtesa |
| Shkurtesa |
MJE |
| 245 04 - TITLE STATEMENT |
| Title |
The World watch reader on global environmental issues / |
| Statement of responsibility, etc |
magazine staff editor, Lester R. Brown ; managing editor, James P. Gorman ; senior editor, Mark Cheater ; assistant editor, Howard Youth ; editorial committee, Lester R. Brown ... [et al.]. |
| 906 ## - LOCAL DATA ELEMENT F, LDF (RLIN) |
| a |
7 |
| b |
cbc |
| c |
orignew |
| d |
1 |
| e |
ocip |
| f |
19 |
| g |
y-gencatlg |
| 942 ## - ADDED ENTRY ELEMENTS (KOHA) |
| Source of classification or shelving scheme |
|
| Item type |
Books |